000
00294nam a22001337a 4500
008
170614b xxu||||| |||| 00| 0 eng d
020
_a
394920481
041
_a
eng
080
_a
94
100
_a
17
101
_a
SHH
245
_a
LACE CUFFS AND LEATHER APRONS
_c
STARKEY,M
942
_2
udc
_c
BK
999
_c
17269
_d
17269